000
00248nam a2200109Ia 4500
008
190914s9999||||xx |||||||||||||| ||und||
100
_a
Sarshar Siddiqi
245
0
_a
Shaneedah
260
_a
Karachi
_b
Hamara Idarah
_c
2001
300
_a
356
942
_c
BK
999
_c
9191
_d
9191